000 00745nam a2200181 a 4500
001 000033346
005 20200930070207.0
008 110523s1952 dr r 000 | fre d
040 _aDO-SdBNP
_bspa
_cBNPHU
082 _axxxx
_bR426d, 1952
110 1 _aRepública Dominicana.
_bPresidente (1942-1952 : Trujillo Molina)
_957164
245 1 0 _aDiscours prononcé au Congrés National, le 27 février 1952, par son excellence le président Rafael L. Trujillo /
_ctraducido por Jazem Draiby.
260 _aCiudad Trujillo, República Dominicana :
_bImpresora Dominicana,
_c1952.
300 _a20 p ;
_c24 cm.
500 _aA la cabeza del título : Répúblique Dominicaine
590 _aInventariado, 2018/LP
700 1 _aDraiby, Jazem,
_etr.
_957165
999 _c32837
_d32837